Regions of Guinea-Bissau on a Map - Statistics

General Stats
  • This quiz has been taken 1,576 times
  • The average score is 5 of 9
Answers on the Map
Answers color-coded by a green-red scale on the quiz's map according to % correct below.
 
Answer Stats
Region % Correct
Bissau
97%
Oio
51%
Bolama
47%
Cacheu
47%
Gabú
47%
Bafatá
45%
Biombo
42%
Tombali
40%
Quinara
39%
No matching quizzes found
Score Distribution
Percent of People with Each Score
Percentile by Number Answered
Your Score History
You have not taken this quiz